000 01114nam a22003017a 4500
003 CHAP
005 20220329135040.0
008 971013s1960 iaw r 00010 eng d
010 _a30115
011 _a31087
035 _a35199
040 _cCHAP
082 0 4 _a630.717
_bL5
100 0 0 _aLionberger, Herbert F.
_967021
245 1 0 _aAdoption of new ideas and practices :
_ba summary of the research dealing with the acceptance of technological change in agriculture...
_c/por Herbert F. Lionberger
260 _aAmes :
_bIowa State University Press,
_c1960
300 _a164 p.
590 _aBATCH-UPD
_b10
_c20130110
_lUCH01
_h0339
590 _aBATCH-UPD
_b10
_c20130110
_lUCH01
_h2014
590 _aBATCH-UPD
_b10
_c20130410
_lUCH01
_h0012
590 _aBATCH-UPD
_b10
_c20130914
_lUCH01
_h1726
590 _aCONVERSION
_b10
_c20130109
_lUCH01
_h1317
650 1 4 _aAgricultura
_xInnovaciones tecnológicas.
_91565
901 _aBK
942 _cLIBRO
949 _a630.717 L5
_bBC
_cLIBRO
_d33724000035457
_eLIBRO
_h15226
_i35199
_si
949 _a630.717 L5
_bBC
_cLIBRO
_d33724000035465
_eLIBRO
_fc.2
_h15505
_i35199
_si
_t62.50
999 _c30115
_d30115